Look on the bright side (Record no. 74982)

MARC details
000 -LEADER
fixed length control field 01218cab a2200229 4500
001 - CONTROL NUMBER
control field ABS68789
008 - FIXED-LENGTH DATA ELEMENTS--GENERAL INFORMATION
fixed length control field 050324n2005 000 0 eng u
035 ## - SYSTEM CONTROL NUMBER
System control number (Sirsi) u129182
100 ## - MAIN ENTRY--PERSONAL NAME
Personal name Lewis, E.
245 ## - TITLE STATEMENT
Title Look on the bright side
260 ## - PUBLICATION, DISTRIBUTION, ETC.
Date of publication, distribution, etc. 2005
490 ## - SERIES STATEMENT
Series statement Estates Gazette
Volume/sequential designation (0511) 19 March 2005, 175(1)
520 ## - SUMMARY, ETC.
Summary, etc. Explains that although cost issues are the most common form of dispute for construction projects, these disagreements can be avoided. Gives a brief overview of the general principles involved in negotiating and entering into building contracts prior to the start of construction. Suggests minimising potential for cost issue problems at the pre-contract stage by finalising the design as far as possible, costing that design, agreeing the timescale for building, settling the contract sum and apportioning the risks involved in construction. Lists actions recommended for preventing future problems.
590 ## - LOCAL NOTE (RLIN)
Local note ABS
650 ## - SUBJECT ADDED ENTRY--TOPICAL TERM
Topical term or geographic name entry element CONTRACT SUM
650 ## - SUBJECT ADDED ENTRY--TOPICAL TERM
Topical term or geographic name entry element FIXED PRICE CONTRACT
650 ## - SUBJECT ADDED ENTRY--TOPICAL TERM
Topical term or geographic name entry element CONSTRUCTION PROJECTS
650 ## - SUBJECT ADDED ENTRY--TOPICAL TERM
Topical term or geographic name entry element CONTRACT DISPUTES
650 ## - SUBJECT ADDED ENTRY--TOPICAL TERM
Topical term or geographic name entry element BUILT ENVIRONMENT-BUILDING CONTRACT FORMS
690 ## - LOCAL SUBJECT ADDED ENTRY--TOPICAL TERM (OCLC, RLIN)
Topical term or geographic name as entry element BUILT ENVIRONMENT-BUILDING CONTRACT FORMS
942 ## - ADDED ENTRY ELEMENTS (KOHA)
Suppress in OPAC 0
Holdings
Withdrawn status Lost status Source of classification or shelving scheme Damaged status Not for loan Home library Current library Shelving location Date acquired Total Checkouts Full call number Barcode Date last seen Copy number Price effective from Koha item type
    Dewey Decimal Classification     London London Journal article 24/03/2005   ABS68789 129182-1001 06/08/2019 1 06/08/2019 Journal article